[Event "Sunfair Open"]
[Site "?"]
[Date "1972.07.16"]
[Round "4"]
[White "Rude, L."]
[Black "Bailey, B."]
[Result "0-1"]
[WhiteElo "1921"]
[BlackElo "1964"]
[Annotator "Stockfish 14 (15s)"]
[PlyCount "94"]
[EventDate "1972.??.??"]

{A38: Symmetrical English vs ...g6: 4 Bg2 Bg7 5 Nf3 Nf6} 1. Nf3 Nf6 2. c4 c5 3.
g3 g6 4. Bg2 Bg7 5. Nc3 Nc6 6. d3 d6 7. Bd2 O-O (7... a6 8. a3 Rb8 9. b4 cxb4
10. axb4 b5 11. cxb5 axb5 12. O-O O-O 13. Qb1 d5 {
1/2-1/2 (13) Ivkov,B (2520)-Velimirovic,D (2525) Amsterdam 1976}) 8. Qc1 (8. a3
a6 9. Rb1 e6 10. b4 b6 11. bxc5 bxc5 12. Ne5 Nxe5 13. Bxa8 h5 14. h4 Neg4 15.
O-O Qc7 16. Bg2 Nd7 17. Qc1 Re8 18. e4 Nde5 19. Qc2 Qe7 20. f4 Nc6 21. Bf3 Nd4
22. Qd1 Nxf3+ {Bullock,A-Stefanov,Y Coventry 2005 1/2-1/2 (70)}) 8... Rb8 9.
Bh6 a6 10. h4 $146 (10. Bxg7 Kxg7 11. O-O b5 (11... Bg4 12. h3 Bxf3 13. Bxf3
Nd4 14. Bg2 b5 15. e3 Nf5 16. Rd1 Qb6 17. b3 h5 {
1/2-1/2 (17) Letelier Martner,R-Pelikan,J Miramar 1970}) 12. Nh4 Bd7 13. f4
bxc4 14. dxc4 Qc8 15. Qd2 a5 16. Nd5 Nxd5 17. cxd5 Nd4 18. e3 Nf5 19. Nxf5+
Bxf5 20. Qxa5 Rb4 21. Qa3 Qb7 22. Qc3+ {
1/2-1/2 (22) Lisitsin,G-Spassky,B Leningrad 1956}) 10... Bxh6 11. Qxh6 Ng4 12.
Qd2 h5 13. Ng5 Nce5 14. f4 (14. O-O b5 $11) 14... Nc6 $15 15. O-O Nd4 16. e4 (
16. Rae1 $142 $15) 16... f5 (16... b5 $142 $5 $17) 17. Ne2 (17. Rae1 b5 $14)
17... e5 (17... Qa5 18. Qxa5 Nxe2+ 19. Kh1 Nxg3+ 20. Kg1 Ne2+ 21. Kh1 Ng3+ 22.
Kg1 Ne2+ 23. Kh1 Ng3+ $11) 18. Nxd4 cxd4 (18... exd4 $5 19. Rae1 b5 20. cxb5
Rxb5 21. exf5 Bxf5 22. Bd5+ Kh8 23. Nf7+ Rxf7 24. Bxf7 Ne3 $11) 19. exf5 $16
Bxf5 20. Bd5+ Kg7 $4 (20... Kh8 $142 21. fxe5 dxe5 22. Nf7+ Rxf7 23. Bxf7 b5
$16) 21. Rae1 (21. fxe5 $5 Qe7 22. e6 b5 $18) 21... Ne3 $4 (21... Qd7 22. b3
$11) 22. Rxe3 (22. fxe5 $142 Nxf1 23. Rxf1 $18 (23. Kxf1 $143 dxe5 24. Kg2 Qc7
$17)) 22... dxe3 $15 23. Qxe3 Qe8 (23... Qf6 24. fxe5 Qxe5 25. Qxe5+ dxe5 26.
b3 $15) 24. Qb6 (24. Re1 Qe7 $11) 24... exf4 (24... Qd8 $142 25. Qa7 Qf6 $11)
25. Qc7+ (25. Rxf4 $142 Qe7 26. Kh2 $11) 25... Qd7 $17 26. Qxd7+ (26. Qb6 $142
$5 Qd8 27. Qa7 $17) 26... Bxd7 $19 27. gxf4 b5 (27... Rbe8 28. Be4 b5 29. Kg2
bxc4 30. dxc4 $19) 28. b3 (28. Be6 Bc6 29. b3 Rf6 $17) 28... Bf5 29. Rc1 (29.
Kf2 bxc4 30. dxc4 Rbe8 $19) 29... bxc4 30. dxc4 Rbe8 31. Kf2 $2 (31. b4 Bd7 32.
Rf1 $19) 31... Bg4 32. Kg3 (32. Rc3 Rxf4+ 33. Kg3 Rd4 $19) 32... Re3+ 33. Kf2
Rfe8 34. Nf7 Re2+ 35. Kg1 Re1+ 36. Rxe1 Rxe1+ 37. Kf2 Re2+ 38. Kg3 Rxa2 39.
Nxd6 Bd1 (39... Kf6 40. b4 Ke7 41. c5 $19) 40. c5 (40. b4 Rb2 41. b5 axb5 42.
Nxb5 Rb3+ 43. Kf2 $19) 40... Ra3 (40... Rd2 $142 41. Be4 Bxb3 $19) 41. c6 $11
Bxb3 42. Bxb3 Rxb3+ 43. Kf2 Rc3 44. c7 a5 (44... Rxc7 45. Ne8+ {
Decoy Double attack}) 45. c8=Q $4 (45. Ke1 $142 $11) 45... Rxc8 $19 46. Nxc8 a4
47. Nb6 a3 0-1

[Event "Sunfair Open"]
[Site "?"]
[Date "1972.07.16"]
[Round "5"]
[White "Vitanyi, L."]
[Black "Bailey, B."]
[Result "1/2-1/2"]
[WhiteElo "1884"]
[BlackElo "1964"]
[Annotator "Stockfish 14 (15s)"]
[PlyCount "47"]
[EventDate "1972.??.??"]

{A23: English Opening: 1...e5 2 Nc3 Nf6 3 g3 c6} 1. c4 e5 2. Nc3 Nf6 3. g3 c6
4. Bg2 d5 5. cxd5 cxd5 6. Qb3 e4 7. d3 Nc6 (7... exd3) 8. dxe4 dxe4 (8... Na5
9. Qb5+ Bd7 10. Qd3 dxe4 11. Nxe4 Nxe4 12. Qxe4+ Be7 13. Nf3 Bc6 14. Qg4 Bf6
15. O-O O-O 16. Rb1 Re8 17. b4 Re4 18. Qf5 Nc4 19. b5 g6 20. Qh3 Bd7 21. Qh6
Bg7 22. Qg5 Bf5 23. Qxd8+ {
Schmidt,E (2118)-Wolf,A (1965) Saarlouis Roden 2004 1-0}) 9. Bd2 $146 (9. Bg5
Be7 10. Bxf6 Bxf6 11. e3 O-O 12. Bxe4 Ne5 13. Qc2 g6 14. Nge2 Qa5 15. O-O Ng4
16. h3 Ne5 17. Kh2 Kg7 18. Nd5 Bd8 19. b4 Qb5 20. f4 f5 21. Bg2 Nf7 22. Qb2+
Kh6 23. Bf3 Be6 {Krueger,H-Schnetter,J Werther 2000 1-0}) (9. Nxe4 Nxe4 10.
Bxe4 Bb4+ 11. Kf1 Qe7 (11... Bd7 12. Kg2 Qe7 13. Bf3 Nd4 14. Qd3 Nxf3 15. Nxf3
Rd8 16. Qe3 Qxe3 17. Bxe3 b6 18. a3 Be7 19. Rac1 Rc8 20. Rxc8+ Bxc8 21. Rc1 O-O
22. Rc7 Bf6 23. Rxa7 Bxb2 24. Bxb6 Re8 25. e3 Bg4 26. h3 {
Fernandez Riesgo,M-Suarez Rodriguez,A Spain 1996 1-0}) 12. Bxc6+ bxc6 13. Qe3
Be6 14. Kg2 Bc5 15. Qg5 f6 16. Qh5+ Bf7 17. Qg4 O-O 18. Nf3 Qxe2 19. Rf1 Bd5
20. Bf4 f5 {0-1 (20) Figueras Puig,J-Guzman Maglaya,N Girona 2003}) (9. Bg5 Be7
10. Bxf6 Bxf6 11. Nxe4 O-O 12. Nxf6+ Qxf6 $16) 9... Nd4 (9... Bc5 10. Nxe4 (10.
Bxe4 $143 Bxf2+ 11. Kxf2 Qxd2 $17) 10... Nxe4 11. Bxe4 $11) 10. Qa4+ $14 Qd7
11. Qxd7+ Bxd7 12. Rc1 Bc6 13. e3 (13. Be3 Nb5 $11) 13... Ne6 (13... Nf3+ $142
$5 14. Nxf3 exf3 $15) 14. Nge2 $11 Bd6 15. O-O O-O (15... Be5 16. b4 Rd8 17.
Rfd1 $11) 16. Rfd1 (16. Nd4 Nxd4 17. exd4 h6 $11) 16... Rfe8 (16... Be5 17. b4
$11) 17. Be1 (17. Nd4 Nxd4 18. exd4 h6 $14) 17... Be5 18. Rc2 (18. Nd4 $5 Bxd4
19. exd4 $11) 18... Rad8 19. Rcd2 (19. h4 Nc5 $11) 19... Rxd2 $17 20. Rxd2 Nc5
(20... Ng5 21. Nd4 Nf3+ 22. Bxf3 exf3 23. Rd3 $17) 21. Nd4 (21. Rd1 a6 $11)
21... Bxd4 $15 22. exd4 Nd3 23. Re2 {Will e4 fall?} Nxe1 24. Rxe1 1/2-1/2

[Event "Seafair"]
[Site "?"]
[Date "1972.07.29"]
[Round "1"]
[White "Bailey, B."]
[Black "Greenup, R."]
[Result "1-0"]
[WhiteElo "1998"]
[BlackElo "1464"]
[Annotator "Stockfish 14 (15s)"]
[PlyCount "71"]
[EventDate "1972.??.??"]

{C88: Closed Ruy Lopez: Anti-Marshall Systems} 1. e4 e5 2. Nf3 Nc6 3. Bb5 a6 4.
Ba4 Nf6 5. O-O Be7 6. Re1 b5 7. Bb3 Bb7 8. c3 Na5 (8... d5 9. d4 (9. d3 dxe4
10. dxe4 Na5 11. Bc2 Qxd1 12. Rxd1 Bxe4 13. Bxe4 Nxe4 14. Re1 f5 15. Nxe5 Bc5
16. Nd3 Bb6 17. Be3 Bxe3 18. Rxe3 O-O-O 19. Na3 Rd6 20. f3 Nf6 21. Nc5 Rhd8 22.
Rae1 Nb7 23. Ne6 R8d7 {Holl,M (1931)-Woydig,S (1735) Germany 2006 1/2-1/2})
9... Nxe4 10. dxe5 Na5 11. Bc2 Nc4 12. Nd4 Bg5 13. f4 Bh4 14. Rf1 Qd7 15. e6
fxe6 16. Qh5+ Qf7 17. Qxh4 c5 18. Nf3 Rd8 19. Ne5 Qf5 20. Nxc4 bxc4 21. Nd2 d4
22. Bxe4 Bxe4 23. Nxe4 {Kuthan,A (2237)-Todor,R (2223) Austria 2004 1-0 (53)})
9. Bc2 O-O $146 (9... d6 10. d4 Nd7 (10... exd4 11. cxd4 O-O 12. Nbd2 c5 13. d5
Bc8 14. a4 Bd7 15. Nf1 Rc8 16. Ng3 Bg4 17. axb5 axb5 18. h3 Bxf3 19. Qxf3 Nc4
20. Nf5 Re8 21. Qd3 Bf8 22. b3 Nb6 23. Bg5 c4 24. bxc4 bxc4 25. Qd4 {
Bakus,M-Nathan,J Meudon 1992 1-0 (41)}) (10... Nc6 11. d5 Na5 12. Nbd2 c6 13.
b4 Nc4 14. Nxc4 bxc4 15. Ba4 Rc8 16. dxc6 Bxc6 17. Bxc6+ Rxc6 18. a4 Qa8 19.
Bg5 Qb8 20. Nd2 O-O 21. Nf1 Qb6 22. Bxf6 Bxf6 23. Ne3 Bh4 24. g3 Bg5 25. Nd5 {
Cifuentes,J-Campo Millan,D Zaragoza 1994 1-0 (54)}) 11. d5 c6 12. a4 cxd5 13.
exd5 Nf6 14. Be4 Nc4 15. b3 Nb6 16. axb5 axb5 17. Rxa8 Qxa8 18. Qd3 O-O 19. c4
bxc4 20. bxc4 Nxe4 21. Qxe4 f5 22. Qc2 Qc8 23. Na3 Bxd5 24. cxd5 {
Adames,A (1943)-Makumbe,W Bled 2002 1-0 (49)}) 10. d4 d5 (10... exd4 11. cxd4
d5 12. e5 $16) 11. Nxe5 dxe4 12. Bg5 (12. Nd2 c5 13. Nxe4 cxd4 14. Nxf6+ Bxf6
15. cxd4 Re8 $16) 12... Re8 (12... c5 $142 $5 13. Bxf6 Bxf6 14. Bxe4 Bxe5 15.
Bxb7 Bxh2+ 16. Kxh2 Nxb7 $11) 13. Nd2 $16 Qd6 $4 (13... c5 $142 14. Bxf6 Bxf6
15. Nxe4 Bxe5 16. dxe5 Rxe5 $16) 14. Bxf6 (14. b4 $5 Nc4 15. Nexc4 bxc4 16.
Bxf6 Bxf6 17. Bxe4 Bxe4 18. Nxe4 Qf4 $18) 14... Bxf6 15. Nxe4 Bxe4 16. Bxe4 (
16. Rxe4 $6 Rad8 17. Qe1 Kf8 $18) 16... c6 (16... Bxe5 17. dxe5 Qxd1 18. Raxd1
Rad8 $18) 17. Bxh7+ $1 Kf8 (17... Kxh7 18. Qh5+ Kg8 19. Qxf7+ Kh7 (19... Kh8
20. Ng6+ {Combination}) 20. Re3 {Combination}) 18. Qh5 Bxe5 19. dxe5 Qh6 20.
Qxh6 gxh6 21. f4 Nc4 (21... Rad8 22. b3 Kg7 23. Be4 $18) 22. b3 Nb6 23. Be4
Rac8 24. Rad1 c5 (24... Nd5 25. Bxd5 cxd5 26. Rxd5 Rxc3 27. Re2 $18) 25. Rd6
Re6 26. Red1 Rce8 (26... Rb8 27. Rd8+ Rxd8 28. Rxd8+ Ke7 29. Rb8 $18) 27. Bb7
R8e7 (27... b4 28. cxb4 cxb4 29. Bxa6 $18) 28. Bxa6 b4 29. cxb4 cxb4 30. Rxe6
Rxe6 31. Rd4 Ke7 (31... f6 32. exf6 Rxf6 33. Bb7 $18) 32. Kf2 (32. Rxb4 $142
Rc6 33. a4 f6 $18) 32... Nd7 (32... f6 33. exf6+ Rxf6 $18) 33. Bc8 Rc6 34. Bxd7
Rc2+ 35. Kf3 Rxa2 36. Ba4 (36. Ba4 f5 37. Rxb4 $18) 1-0

[Event "Seafair"]
[Site "?"]
[Date "1972.07.29"]
[Round "2"]
[White "Dean, S."]
[Black "Bailey, B."]
[Result "0-1"]
[WhiteElo "1625"]
[BlackElo "1998"]
[Annotator "Stockfish 14 (15s)"]
[PlyCount "56"]
[EventDate "1972.??.??"]

{C50: Hungarian Defence and Giuoco Pianissimo} 1. e4 e5 2. Nf3 Nc6 3. Bc4 Nf6
4. Nc3 Bc5 5. O-O O-O 6. Re1 d6 7. h3 (7. Na4 Bb6 8. Nxb6 axb6 9. c3 Nxe4 10.
Rxe4 d5 11. Bxd5 Qxd5 12. Qe1 f5 13. Re2 e4 14. Ng5 Ne5 15. d4 Nd3 16. Qd1 h6
17. Nh3 f4 18. c4 Qxd4 19. Nxf4 Bg4 20. Be3 Bxe2 21. Nxe2 Qxc4 {
Milosevic,R (2106)-Ljajic,I (1921) Slovenia 2003 0-1}) 7... a6 (7... Na5 8. Be2
c6 9. a3 d5 10. exd5 cxd5 11. b4 e4 12. bxc5 exf3 13. Bxf3 d4 14. Ne4 Nxe4 15.
Bxe4 Qc7 16. Qh5 f5 17. Bd5+ Kh8 18. Re8 Bd7 19. Rxa8 Rxa8 20. d3 Qxc5 21. Qf7
Qd6 22. Bf3 {Arsenault,Y (1558)-Beland,G (1475) Gatineau 2006 1-0 (55)}) 8. d3
$146 (8. a3 Nh5 9. d3 Be6 10. Ba2 Bxa2 11. Rxa2 Nf6 12. Bg5 h6 13. Bh4 g5 14.
Nxg5 Nh7 15. Nf3 Ne7 16. Nd5 f6 17. Qd2 Nxd5 18. exd5 Ng5 19. Nh2 f5 20. Kh1
Qf6 21. b4 Ba7 22. f4 Nxh3 {
Fernandez Baniago,F-Reyero Miguelez,R Gijon 1999 1-0 (42)}) 8... h6 9. a3 b5
10. Ba2 Bb7 (10... Be6 11. Nd5 $11) 11. b4 Bb6 12. Nd5 Nxd5 13. Bxd5 Qc8 14. c3
Ne7 15. Bxb7 Qxb7 16. Nh4 f5 17. exf5 Nxf5 18. Nxf5 Rxf5 19. Be3 Raf8 20. d4 (
20. Ra2 Qa7 21. Bxb6 Qxb6 $11) 20... exd4 (20... e4 21. Qg4 h5 22. Qg6 $15) 21.
cxd4 $11 Qd5 22. Rc1 R8f6 23. Rf1 (23. f3 Re6 24. Bf2 Rxe1+ 25. Qxe1 Rf8 $11)
23... Rg6 $15 24. g3 (24. f3 $5 $15) 24... Rf3 $17 25. Qd3 $4 (25. Rc3 Qe4 $17)
25... Rgf6 (25... Rgxg3+ 26. fxg3 Rxe3 27. Qxe3 Bxd4 28. Rce1 $19) 26. Rc2 $4 (
26. Rc3 $142 $17) 26... c5 $19 27. Rd1 (27. Rc3 c4 28. Qc2 Qe6 $19) 27... cxd4
(27... c4 $142 28. Qe2 Qf5 29. Kh2 $19) 28. Bxd4 (28. Rc8+ Kf7 29. Qh7 $19)
28... Rxd3 (28... Rxd3 29. Rxd3 Bxd4 30. Kh2 Rf3 31. Rcd2 Rxd3 32. Rxd3 Qa2 33.
Rxd4 Qxf2+ 34. Kh1 Qxd4 35. Kg2 Qe3 36. h4 Kf7 37. a4 bxa4 38. g4 a3 39. b5 a2
40. g5 a1=Q 41. g6+ Kf6 42. h5 Qag1#) 0-1

[Event "Seafair"]
[Site "?"]
[Date "1972.07.29"]
[Round "3"]
[White "Bailey, B."]
[Black "McCormick, J."]
[Result "0-1"]
[WhiteElo "1998"]
[BlackElo "2258"]
[Annotator "Stockfish 14 (15s)"]
[PlyCount "74"]
[EventDate "1972.??.??"]

{B60: Sicilian: Richter-Rauzer: Unusual Black 6th moves and 6...Bd7 without 7
Qd2} 1. e4 c5 2. Nf3 Nc6 3. d4 cxd4 4. Nxd4 Nf6 5. Nc3 d6 6. Bg5 Bd7 7. Be2 Qa5
8. Bxf6 gxf6 9. Qd2 Bg7 (9... h5 10. Nb3 Qg5 11. Qxg5 fxg5 12. Nd5 Rc8 13.
O-O-O Rh6 14. h3 e6 15. Ne3 Ne5 16. f3 Be7 17. Nd4 a6 18. Kb1 b5 19. Nb3 Ng6
20. g3 h4 21. Nf1 Bc6 22. Nd4 Bb7 23. Nb3 hxg3 24. Nxg3 {
Di Natale,R-Benedetto,A (2179) Villa Ballester 2003 0-1 (50)}) 10. Nb3 Qd8 11.
O-O O-O 12. Bf3 $146 (12. Rad1 Rc8 13. Nd5 f5 14. exf5 Bxf5 15. c3 Qd7 16. Rfe1
Rfd8 17. Bb5 e6 18. Ne3 Bg6 19. Nc4 Qc7 20. Ne3 d5 21. Nd4 Qa5 22. Nxc6 bxc6
23. Bf1 Rb8 24. b4 Qa3 25. Rc1 c5 26. b5 c4 {
Lloret Climent,M-Piankov,E (2395) Mislata 1993 0-1}) (12. Bd3 $5 $16) 12... Rc8
(12... f5 13. Rad1 $11) 13. Nd4 (13. Qf4 Ne5 14. Be2 a6 $11) 13... Nxd4 (13...
Qa5 14. Rad1 $11) 14. Qxd4 $11 Qa5 15. Qd5 (15. Nd5 Rfe8 16. Qd1 f5 17. exf5
Bxf5 $11) 15... b6 (15... Qc5 16. Rad1 $11) 16. Qxa5 (16. Qd1 $5 $11) 16...
bxa5 $17 17. Rac1 (17. Rad1 $5 a4 18. Nd5 $15) 17... f5 18. Nd1 (18. Nd5 Rfe8
19. exf5 Bxf5 $17) 18... fxe4 19. Bxe4 Be6 (19... Bb5 20. Re1 e6 21. f4 $19)
20. a3 (20. b3 Rc5 $17) 20... Rb8 21. b3 Rfc8 22. Ne3 a4 23. Nd5 $2 (23. bxa4
$142 $5 Rc3 24. Ra1 $17) 23... Bxd5 (23... Kf8 24. Nf4 Bd7 25. Rb1 $19) 24.
Bxd5 Bb2 (24... e6 25. Bf3 $19) 25. Rce1 $6 (25. Rb1 Rxc2 26. bxa4 $19) 25...
e6 26. Be4 (26. Bc4 d5 27. Be2 axb3 28. cxb3 Rxb3 $19) 26... d5 27. Bd3 (27.
Bf3 axb3 28. cxb3 Rxb3 $19) 27... axb3 28. cxb3 Rxb3 29. Re3 Rcc3 30. Rd1 (30.
Rg3+ Kh8 31. Be2 Rxg3 32. hxg3 Rxa3 $19) 30... Bxa3 31. Rg3+ Kf8 (31... Kh8 32.
Rh3 a5 33. Kf1 $19) 32. Bxh7 Rxg3 33. hxg3 f5 (33... Kg7 $142 $5 34. Bd3 Bc5
35. Kf1 $19) 34. Bg6 Kg7 (34... Ke7 $5 35. Re1 Bb4 36. Re3 Rb1+ 37. Kh2 $19)
35. Bh5 Bc5 (35... a5 $142 36. g4 Bd6 37. gxf5 $19) 36. Kf1 (36. Rc1 Bd4 37. g4
$19) 36... Rb2 37. f3 (37. Rc1 Rxf2+ 38. Ke1 Bd4 $19) 37... Rf2+ (37... Rf2+
38. Ke1 Rxg2 $19) 0-1

[Event "Seafair"]
[Site "?"]
[Date "1972.07.30"]
[Round "4"]
[White "Chin, A."]
[Black "Bailey, B."]
[Result "0-1"]
[WhiteElo "1954"]
[BlackElo "1998"]
[Annotator "Stockfish 14 (15s)"]
[PlyCount "50"]
[EventDate "1972.??.??"]

{D26: Queen's Gambit Accepted: 4 e3 e6 5 Bxc5 c5 sidelines} 1. d4 d5 2. c4 dxc4
3. e3 Nf6 4. Bxc4 e6 5. Nc3 c5 6. Nf3 a6 7. a4 cxd4 8. exd4 Bb4 (8... Qc7 9.
Qe2 Be7 10. O-O O-O 11. Bg5 Nc6 12. Rfd1 Nb4 13. Rac1 Qd8 14. Ne5 Nfd5 15. Bxe7
Nxe7 16. Qf3 Ra7 17. h3 b6 18. d5 exd5 19. Nxd5 Nexd5 20. Bxd5 Qe8 21. Nc6 {
1/2-1/2 (21) Williams,A (2390)-Mascarinas,R (2385) Buenos Aires 1978}) 9. O-O
O-O 10. Ne2 $146 (10. Qe2 Nbd7 11. Bg5 h6 12. Bh4 Qa5 13. Ne4 Nd5 14. Bg3 N7f6
15. Ne5 {1/2-1/2 (15) Dudas,J (2410)-Jamrich,G (2235) Balatonbereny 1997}) (10.
Qb3 Bxc3 11. bxc3 Nc6 12. Bd3 Qc7 13. Qc2 h6 14. Be3 (14. Re1 Nd5 15. Bd2 Rd8
16. Ne5 Nxe5 17. Rxe5 b6 18. c4 Nf6 19. Bc3 a5 20. h3 Ba6 21. Bb2 Rac8 22. Rc1
Qc6 23. Be2 Nd5 24. Qb3 Nb4 25. Rh5 Qe4 26. Re5 Qg6 27. Re3 Qf5 28. Rg3 Qe4 {
Cavusoglu,Y-Nill,J (2206) Golden Sands 2000 1/2-1/2 (36)}) 14... e5 15. Nxe5
Nxe5 16. dxe5 Qxe5 17. Bd4 Qd6 18. Bf5 Re8 19. Rab1 Qc6 20. Bxc8 Raxc8 21. Qf5
Re6 22. Rb6 Qe4 23. Qxe4 Nxe4 24. Rxe6 fxe6 {
Griffon,O (1820)-Pelerin,M (1921) Bethune 2004 1/2-1/2 (36)}) (10. Qe2 Nc6 $11)
10... b6 (10... Nc6 11. Bg5 $15) 11. b3 (11. Qb3 $5 a5 12. Ne5 $14) 11... Bb7 (
11... Nc6 12. Nf4 Ne7 13. Ne5 $15) 12. Ne5 (12. Nf4 Bc3 13. Rb1 Qd6 $11) 12...
Nc6 $17 13. Bb2 Na5 (13... Nd5 14. Bxd5 Qxd5 15. Nf4 $15) 14. Rc1 (14. Nf4 Rc8
$15) 14... Rc8 (14... Nd5 15. Qd3 $17) 15. Bc3 (15. Nf4 Qe7 $15) 15... Ba3 (
15... Bxc3 16. Rxc3 Nd7 17. Ng4 $17) 16. Bxa5 $15 Bxc1 17. Bb4 Bh6 18. Bxf8
Qxf8 19. f4 (19. Qd3 $5 Ra8 20. Nc3 $15) 19... g6 $17 20. Qd3 Nd5 (20... Ra8
$142 $17) 21. Ng3 $4 (21. Bxd5 $142 Bxd5 22. Qxa6 $15) 21... Nxf4 $19 22. Qd1
Rc7 23. Qg4 (23. Nf3 Nd5 24. Qd3 Ne3 $19) 23... Nxg2 24. Rxf7 (24. Ne4 Ne3 25.
Nf6+ Kh8 26. Qg3 Nxf1 27. Kxf1 $19) 24... Be3+ 25. Kh1 Nf4+ (25... Nf4+ 26. Nf3
Rxf7 $19) 0-1

[Event "Seafair"]
[Site "?"]
[Date "1972.07.30"]
[Round "5"]
[White "Bailey, B."]
[Black "Turner, D."]
[Result "0-1"]
[WhiteElo "1998"]
[BlackElo "2061"]
[Annotator "Stockfish 14 (15s)"]
[PlyCount "26"]
[EventDate "1972.??.??"]

{B04: Alekhine's Defence: 4 Nf3} 1. e4 Nf6 2. e5 Nd5 3. d4 d6 4. Nf3 g6 5. c4
Nb6 6. Nc3 Bg7 7. exd6 cxd6 8. Be3 Bg4 9. Be2 Nc6 10. b3 O-O 11. O-O e5 12.
Nxe5 $4 $146 (12. d5 Ne7 13. Rc1 (13. Ng5 Bxe2 14. Nxe2 Nf5 15. Bc1 Nd7 16. Ne4
Nc5 17. N2c3 b6 18. Bb2 Rc8 19. Re1 h5 20. Nb5 Qd7 21. Qd2 a6 22. Nbc3 Qd8 23.
Qd1 Nd4 24. Nxc5 bxc5 25. Qd3 f5 26. f3 Qh4 27. Rf1 Rce8 {
Ravn,P-Drimer,D Reykjavik 1957 0-1 (45)}) 13... Nf5 (13... Bxf3 14. Bxf3 f5 15.
Be2 f4 16. Bd2 Nd7 17. Ne4 Nf5 18. Bg4 Nc5 19. Nxc5 dxc5 20. Re1 Nd6 21. Bc3 e4
22. Bxg7 Kxg7 23. b4 b6 24. Qa4 Rf7 25. bxc5 bxc5 26. Qa3 Rc7 27. Be6 Rb8 28.
Qc3+ {Gouveia,C (2390)-Lima,D (2475) Guanaba 1998 0-1 (37)}) (13... h6 14. h3 (
14. Ne1 Bxe2 15. Qxe2 f5 16. f3 Qd7 17. Nc2 Rae8 18. Nb5 Nbc8 19. b4 a6 20. Nc3
g5 21. c5 Ng6 22. Qc4 Kh7 23. c6 Qc7 24. b5 a5 25. b6 Nxb6 26. Qb3 Nxd5 27.
Nxd5 Qxc6 28. Na3 a4 {Corte,C-Bauza,L Mar del Plata 1946 1-0 (37)}) 14... Bxf3
15. Bxf3 f5 16. Be2 Rc8 17. c5 dxc5 18. d6 Nc6 19. Bxc5 Nd4 20. b4 Qd7 21. a4
Rcd8 22. Nb5 Nxe2+ 23. Qxe2 Kh7 24. Bxb6 axb6 25. Rc7 Qe6 26. Rxb7 Rf7 27. Rxb6
Qb3 28. Nc7 {Erwich,M (2059)-Tan,K Leiden 1999 1/2-1/2 (50)}) 14. Bg5 f6 15.
Bd2 Qe7 16. Ne4 Nd7 17. Bb4 b6 18. Nfd2 Bxe2 19. Qxe2 Nd4 20. Qe3 Nc5 21. Rfe1
f5 22. Nxc5 bxc5 23. Bc3 Qh4 24. b4 Bh6 25. Qd3 e4 26. Qg3 Qxg3 {
Seidman,H-Fine,R Hollywood 1945 0-1 (51)}) (12. dxe5 $142 dxe5 13. c5 $14)
12... dxe5 $19 13. Bxg4 (13. d5 Bxe2 14. Nxe2 $19) 13... exd4 0-1

[Event "J K Gill"]
[Site "?"]
[Date "1972.08.12"]
[Round "1"]
[White "Calkins, D."]
[Black "Bailey, B."]
[Result "0-1"]
[WhiteElo "100"]
[BlackElo "1998"]
[Annotator "Stockfish 14 (15s)"]
[PlyCount "106"]
[EventDate "1972.??.??"]

{C27: Vienna Game: 2...Nf6 3 Bc4 Nxe4} 1. e4 e5 2. Nc3 Nf6 3. Bc4 Bc5 4. d3 h6
5. Nf3 d6 6. O-O Bg4 7. h3 Bh5 8. Be3 Nbd7 (8... Bxe3 9. fxe3 O-O 10. Ne2 Nbd7
11. Ng3 Bxf3 12. Qxf3 c6 13. Bb3 Nc5 14. Nf5 Nxb3 15. axb3 d5 16. Nxh6+ Kh8 17.
exd5 cxd5 18. Nf5 e4 19. Qg3 Nh5 20. Qg4 g6 21. Nh4 Qe7 22. dxe4 Qxe4 23. Qxe4
{Zhou,Y-Jakimtchouk,J Mureck 2005 1-0 (48)}) 9. Bxc5 $146 (9. Qd2 Bxf3 10. gxf3
Nh5 11. Kh2 c6 12. Rg1 Qf6 13. Bxc5 Nxc5 14. Qe3 Nf4 15. Rg3 h5 16. Rag1 g6 17.
b4 Nce6 18. Bxe6 Qxe6 19. Ne2 Qf6 20. Rg5 Nxe2 21. Qxe2 Qf4+ 22. Kh1 Ke7 23.
Qe3 Qh4 {Pulkkinen,H-Kallio,I Helsinki 1992 1/2-1/2}) 9... Nxc5 10. d4 (10. g4
Bg6 $11) 10... Ncxe4 (10... exd4 $142 $5 11. Qxd4 Bxf3 12. gxf3 Nfd7 $15) 11.
Nxe4 Nxe4 12. g4 (12. dxe5 O-O 13. Re1 Ng5 $11) 12... Bg6 $15 13. dxe5 O-O (
13... h5 $142 14. exd6 cxd6 $11) 14. e6 $4 (14. Re1 c6 15. exd6 Nxd6 $11) 14...
Ng5 $4 (14... Qf6 $142 15. Nd4 d5 16. Bxd5 Ng5 $19) 15. Nxg5 $11 Qxg5 16. Qf3 (
16. Qd4 fxe6 17. Bxe6+ Bf7 $11) 16... c6 17. exf7+ Bxf7 18. Bxf7+ Rxf7 19. Qb3
(19. Qe3 Qf6 20. c3 h5 $15) 19... d5 20. Rad1 (20. Qc3 $5 Qh4 21. Kg2 $17)
20... Raf8 21. Kg2 b5 (21... h5 $142 $5 22. Qg3 Rf4 $17) 22. Qc3 $15 Qf6 (22...
Rf4 23. f3 Rc4 24. Qd2 $11) 23. Qxf6 $11 Rxf6 24. Kg3 Re6 25. Rfe1 Rfe8 26.
Rxe6 Rxe6 27. Rd2 (27. Rd3 a5 $11) 27... a5 28. f4 $2 (28. f3 Kf7 $11) 28...
Kf7 (28... Re3+ $142 29. Kg2 b4 $17) 29. Kf3 $11 Re1 30. Rd3 (30. a3 Rf1+ 31.
Kg3 a4 $11) 30... Rb1 (30... Rh1 $142 31. Kg3 Rc1 $15) 31. Rb3 $4 (31. Rc3 $142
$11) 31... a4 $19 32. Rb4 $2 (32. Rc3 Rxb2 33. a3 Ra2 $19) 32... Ra1 (32... Rc1
$142 33. b3 axb3 34. Rxb3 Rxc2 35. Ra3 $19) 33. a3 Rc1 (33... Ke6 $5 34. c3 Rb1
35. Kg3 $19) 34. c3 g6 (34... Ke6 $142 $19) 35. h4 $4 (35. f5 g5 36. Kg3 Kf6
$11) 35... Kf6 $4 (35... Ke6 36. Rd4 Rc2 $19) 36. h5 $4 (36. g5+ $142 hxg5 37.
fxg5+ Kf5 38. Rd4 $11) 36... gxh5 $19 37. gxh5 Kf5 38. Kg3 (38. Ke3 Rd1 39. Rd4
Re1+ 40. Kf3 Rh1 $19) 38... Rh1 (38... Rg1+ $142 39. Kf2 Rh1 40. b3 axb3 41.
Rxb3 Rxh5 42. Ke3 $19) 39. Kf3 (39. Rd4 Rf1 $19) 39... Rxh5 40. Kg3 (40. b3
axb3 41. Rxb3 Rh3+ 42. Ke2 Rh4 $19) 40... Rh1 41. Kg2 (41. Rd4 h5 $19) 41...
Re1 42. Kf3 (42. Rd4 Re2+ 43. Kf3 Rxb2 44. Rd1 $19) 42... Re4 43. Kg3 h5 (43...
Rxb4 44. axb4 h5 45. Kf3 h4 46. Ke3 h3 47. Kf3 h2 48. Kg2 Kxf4 49. Kxh2 Ke4 50.
Kg2 Kd3 51. Kf2 Kc2 52. Ke3 Kxb2 53. Kd4 a3 54. Kc5 Kxc3 55. Kxc6 d4 56. Kc5 d3
57. Kc6 Kxb4 58. Kd7 d2 59. Ke6 a2 60. Ke7 a1=Q 61. Kd7 d1=Q+ 62. Kc6 Qg7 63.
Kb6 Qd6#) 44. Kh4 Rxf4+ (44... Rxb4 45. axb4 Kxf4 46. Kh3 Ke4 47. Kg3 Kd3 48.
Kf2 Kc2 49. Ke3 Kxb2 50. Kd4 a3 51. Kc5 Kxc3 52. Kxc6 Kc4 53. Kd7 d4 54. Kc6 d3
55. Kd7 d2 56. Kd6 d1=Q+ 57. Ke7 a2 58. Kf7 a1=Q 59. Kg6 Qg4+ 60. Kf7 Qag7+ 61.
Ke8 Qc8#) 45. Kxh5 Rxb4 46. axb4 Ke4 47. Kg5 (47. Kg4 Kd3 48. Kg5 Kc2 49. Kf4
Kxb2 50. Ke5 Kxc3 51. Kd6 d4 52. Kxc6 Kxb4 53. Kd6 a3 54. Ke6 a2 55. Kd6 d3 56.
Ke6 a1=Q 57. Kd5 d2 58. Kc6 d1=Q 59. Kb6 Qa8 60. Kc7 Qdd8#) 47... Kd3 48. Kf5 (
48. Kf4 Kc2 49. Ke3 Kxb2 50. Kd4 a3 51. Kc5 Kxc3 52. Kxc6 d4 53. Kxb5 a2 54.
Kc6 Kxb4 55. Kd5 d3 56. Kd6 a1=Q 57. Ke7 d2 58. Kf7 d1=Q 59. Ke7 Qg7+ 60. Ke6
Qdd7#) 48... Kc2 49. Ke5 (49. c4 dxc4 50. Kg4 Kxb2 51. Kf3 a3 52. Ke2 a2 53.
Kf2 c3 54. Kg3 a1=Q 55. Kf4 c2 56. Kg4 Qg1+ 57. Kf5 c1=Q 58. Ke6 Qh6+ 59. Kf7
Qgg7+ 60. Ke8 Qhh8#) 49... Kxb2 50. Kd4 (50. Kd6 Kxc3 51. Kc5 d4 52. Kxc6 a3
53. Kc7 Kxb4 54. Kc8 a2 55. Kc7 d3 56. Kc6 a1=Q 57. Kd6 d2 58. Ke7 d1=Q 59. Kf7
Kb3 60. Kg6 b4 61. Kf7 Qd6 62. Ke8 Qe7+ 63. Kxe7 Kc3 64. Kf6 b3 65. Ke5 b2 66.
Kf6 b1=Q 67. Ke5 Qg6 68. Kf4 Qe1 69. Kf3 Qge4#) 50... a3 $19 51. Kc5 Kxc3 52.
Kxc6 Kxb4 53. Kxd5 a2 0-1